000
00344nam a2200157Ia 4500
100
_a
Khurmi/R.S
650
_a
Machine Design
942
_c
BK
366
_f
14
654
_a
machine design
245
_a
Text book of Machine Design
260
_b
S.Chand & C0
_c
2005
082
_a
621.815
_b
KHU
546
_a
ENGLISH
_c
Info.Tech
999
_c
31007
_d
31007